000 00562cam a2200193 4500500
005 20260329001413.0
041 _afre
042 _adc
100 1 0 _aPradeau, Jean-François
_eauthor
245 0 0 _aPlaton
260 _c2006.
500 _a4
690 _aGrèce Antique
690 _aPhilosophie antique
690 _aPlaton
690 _aSocrate
786 0 _nPhilosophie magazine | 4 | 10-11 | 2006-11-01 | p. 29-29 | 1951-1787
856 4 1 _uhttps://shs.cairn.info/magazine-philosophie-magazine-2006-10-11-page-29?lang=fr&redirect-ssocas=7080
999 _c1805084
_d1805084